Desarrollo de la economía obrera y cooperativa de Israel

Guardado en:
Bibliografiske detaljer
Hovedforfatter: Hatzor, Mordehai
Format: Texto
Udgivet: San José: MTSS. CEDAL
Tags: Tilføj Tag
Ingen Tags, Vær først til at tagge denne postø!

MARC

LEADER 00000 a a2200000 04500
001 16764
003
040
090 |a 004700  
100 |a Hatzor, Mordehai  
245 |a Desarrollo de la economía obrera y cooperativa de Israel  
260 |a San José:   |b MTSS. CEDAL  
300 |a 14 p.  
999 |c 9534  |d 9534